000
00335nam a2200145Ia 4500
999
_c
10570
_d
10570
003
OSt
005
20220404142145.0
008
220318s9999 xx 000 0 und d
020
_a
9789881568090
082
_a
721
100
_a
Tang art
245
0
_a
Modern architecture details collection vol.3
260
_a
Tang art
942
_2
ddc